Guess the ZAYN song with no hints #3 - Statistics

General Stats
  • This quiz has been taken 17 times
  • The average score is 203 of 337
Answer Stats
Answer % Correct
(I)
100%
I
100%
you,
100%
you
100%
love
93%
the
93%
The
93%
A
86%
a
86%
me
86%
your
86%
and
79%
(And
79%
My
79%
my
79%
on
79%
Yeah,
79%
(Yeah)
79%
but
71%
go
71%
I'm
71%
In
71%
off
71%
So
71%
so
71%
that
71%
Then
71%
thin
71%
to
71%
we're
71%
all
64%
It's
64%
it's
64%
(No)
64%
up
64%
always
57%
is
57%
next
57%
talk
57%
wake
57%
day,
50%
day
50%
fightin'
50%
high
50%
Hold
50%
hold
50%
place
50%
slow
50%
us,
50%
We'll
50%
we'll
50%
ally
43%
bed
43%
behaviour
43%
board
43%
bodies
43%
body
43%
Body
43%
Climb
43%
close
43%
close,
43%
enemy,
43%
fears
43%
feels
43%
free,
43%
Fuckin'
43%
Light
43%
neighbours
43%
Nobody
43%
our
43%
pain,
43%
paradise
43%
Paradise,
43%
paradise,
43%
Pillow
43%
piss
43%
pleasure
43%
reckless
43%
tempo
43%
together
43%
tonight
43%
war
43%
War
43%
zone
43%
zone,
43%
dark
36%
dirty
36%
hard
36%
line
36%
lose
36%
mellow
36%
raw
36%
raw)
36%
seeing
36%
tears
36%
Prisoners
29%
pure,
21%
No matching quizzes found
Score Distribution
Percent of People with Each Score
Percentile by Number Answered
Your Score History
You have not taken this quiz